Economic development in Africa report 2010.
| Format: | Book |
|---|---|
| Published: |
Geneva:
United Nations,
2010.
|
| Subjects: |
| LEADER | 00458cam a2200157 7i4500 | ||
|---|---|---|---|
| 001 | 0000026136 | ||
| 005 | 20110419090000.0 | ||
| 020 | 0 | 0 | |a 9789211127959 |
| 090 | 0 | 0 | |a AFRI 338.96 |b ECO |
| 245 | 0 | 0 | |a Economic development in Africa report 2010. |
| 260 | 0 | 0 | |a Geneva: |b United Nations, |c 2010. |
| 300 | # | # | |a 116 p. |
| 650 | 0 | 0 | |a Economic development -- |z Africa |
| 650 | 0 | 0 | |a Exports -- |z Africa |
| 651 | 0 | 0 | |a Africa |
| 999 | |a 0000028364 |b Book |c Regions |e Business Information Centre | ||


